Normal view
MARC view
Entry Personal Name
001 - CONTROL NUMBER
- control field: 12423
003 - CONTROL NUMBER IDENTIFIER
- control field: BD-RjUL
005 - DATE AND TIME OF LATEST TRANSACTION
- control field: 20240319115516.0
008 - FIXED-LENGTH DATA ELEMENTS
- fixed length control field: 240319|| aca||aabn | a|a d
040 ## - CATALOGING SOURCE
- Original cataloging agency: BD-RjUL
- Transcribing agency: BD-RjUL
100 ## - HEADING--PERSONAL NAME
- Personal name: Nabi, Md. Nurun
670 ## - SOURCE DATA FOUND
- Source citation: Work cat.: (BD-RjUL)83405: Nabi, Md. Nurun, Development of Modern and Traditional Education Rajshahi Town :, 1979